Landscape Policy Framework For Conservinmg And Enhancing Public Park Values In Pune (Record no. 364651)

MARC details
000 -LEADER
fixed length control field 00407nam a2200121Ia 4500
008 - FIXED-LENGTH DATA ELEMENTS--GENERAL INFORMATION
fixed length control field 250110s9999 xx 000 0 und d
041 ## - LANGUAGE CODE
Language code of text/sound track or separate title eng
100 ## - MAIN ENTRY--PERSONAL NAME
Personal name Pitale Deepal
9 (RLIN) 181647
245 ## - TITLE STATEMENT
Title Landscape Policy Framework For Conservinmg And Enhancing Public Park Values In Pune
260 ## - PUBLICATION, DISTRIBUTION, ETC. (IMPRINT)
Name of publisher, distributor, etc. BNCA M Arch Landscape Architecture
Place of publication, distribution, etc. Pune
Date of publication, distribution, etc. 2023
300 ## - PHYSICAL DESCRIPTION
Extent 30p
700 ## - ADDED ENTRY--PERSONAL NAME
Personal name Guide Name:Sahasrtabuddhe Swati
9 (RLIN) 210989
Holdings
Withdrawn status Lost status Damaged status Not for loan Home library Current library Date acquired Total Checkouts Barcode Date last seen Bill Date Koha item type Original Barcode
        Dr. Bhanuben Nanavati College of Architecture Dr. Bhanuben Nanavati College of Architecture 01/06/2023   BNCA-PR-2151 10/01/2025 10/01/2025 Project Reports PR2151